<?xml version="1.0" encoding="UTF-8"?>
<record
    xmlns:xsi="http://www.w3.org/2001/XMLSchema-instance"
    xsi:schemaLocation="http://www.loc.gov/MARC21/slim http://www.loc.gov/standards/marcxml/schema/MARC21slim.xsd"
    xmlns="http://www.loc.gov/MARC21/slim">

  <leader>04716cam a2200313 i 4500</leader>
  <controlfield tag="001">17482189</controlfield>
  <controlfield tag="005">20150112102105.0</controlfield>
  <controlfield tag="008">121002t2013    xxka   frb   f001 0 eng d</controlfield>
  <datafield tag="010" ind1=" " ind2=" ">
    <subfield code="a">2012039025</subfield>
  </datafield>
  <datafield tag="020" ind1=" " ind2=" ">
    <subfield code="a">9780521111263</subfield>
  </datafield>
  <datafield tag="020" ind1=" " ind2=" ">
    <subfield code="a">0521111269</subfield>
  </datafield>
  <datafield tag="040" ind1=" " ind2=" ">
    <subfield code="a">DLC</subfield>
    <subfield code="b">eng</subfield>
    <subfield code="c">DLC</subfield>
    <subfield code="d">DLC</subfield>
    <subfield code="d">EG-ScBUE</subfield>
  </datafield>
  <datafield tag="082" ind1="0" ind2="0">
    <subfield code="a">621.384133</subfield>
    <subfield code="2">22</subfield>
    <subfield code="b">DAR</subfield>
  </datafield>
  <datafield tag="100" ind1="1" ind2=" ">
    <subfield code="a">Darabi, Hooman,</subfield>
    <subfield code="d">1972-</subfield>
    <subfield code="9">37093</subfield>
  </datafield>
  <datafield tag="245" ind1="1" ind2="0">
    <subfield code="a">Integration of passive RF front end components in SoCs /</subfield>
    <subfield code="c">Hooman Darabi, Ahmad Mirzaei.</subfield>
  </datafield>
  <datafield tag="260" ind1=" " ind2=" ">
    <subfield code="a">Cambridge, United Kingdom ;</subfield>
    <subfield code="a">New York, United States :</subfield>
    <subfield code="b">Cambridge University Press,</subfield>
    <subfield code="c">c.2013.</subfield>
  </datafield>
  <datafield tag="300" ind1=" " ind2=" ">
    <subfield code="a">xii, 190 p. :</subfield>
    <subfield code="b">ill. ;</subfield>
    <subfield code="c">26 cm.</subfield>
  </datafield>
  <datafield tag="500" ind1=" " ind2=" ">
    <subfield code="a">Includes appendixes.</subfield>
  </datafield>
  <datafield tag="500" ind1=" " ind2=" ">
    <subfield code="a">Index : p. 185-190.</subfield>
  </datafield>
  <datafield tag="504" ind1=" " ind2=" ">
    <subfield code="a">bibliography : 178-184.</subfield>
  </datafield>
  <datafield tag="505" ind1="8" ind2=" ">
    <subfield code="a">Machine generated contents note : Part I. Introduction to Highly Integrated and Tunable RF Receiver Front Ends: 1. Introduction ; 2. Front-end integration challenges and system requirements ; 3. 2G receiver SAW elimination ; 4. 3G receiver SAW elimination ; 5. Summary and conclusions ; Part II. Active Blocker Cancellation Techniques in Receivers : 6. Introduction ; 7. Concept of receiver translational loop ; 8. Non-ideal effects ; 9. Circuit implementations ; 10. Measurement results ; 11. Feedback blocker cancellation techniques ; 12. Summary and conclusions ; Part III. Impedance Transformation : Introduction to the Simplest On-Chip SAW Filter : 13. Introduction; 14. Impedance transformation by a 50 % passive mixer ; 15. Application as on-chip SAW filter ; 16. Impact of harmonics on the sharpness of the proposed filte r; 17. Differential implementation ; 18. Summary and conclusions ; Part IV. Four-Phase High-Q Bandpass Filters : 19. Introduction ; 20. Impedance transformation by a four-phase filter ; 21. Differential implementation of four-phase high-Q bandpass filter ; 22. Application as an on-chip SAW filter ; 23. Impact of harmonics on the sharpness of the proposed filter ; 24. Four-phase high-Q bandpass filter with a complex baseband impedance ; 25. Four-phase high-Q bandpass filter with quadrature RF inputs ; 26. Harmonic upconversion and downconversion ; 27. A SAW-less receiver with on-chip four-phase high-Q bandpass filters ; 28. Summary and conclusions ; Part V. M-Phase High-Q Bandpass Filters : 29. Introduction ; 30. Impedance transformation by M-phase filters ; 31. Differential implementation of M-phase high-Q filter ; 32. Application as an on-chip SAW filter ; 33. Impact of harmonics on the sharpness of the M-phase bandpass filter ; 34. M-phase high-Q filter with complex baseband impedances ; 35. M-phase high-Q bandpass filter with quadrature RF inputs ; 36. M-phase high-Q bandpass filter with N-phase complex bandpass filters ; 37. Harmonic upconversion ; 38. Summary and conclusions ; Part VI. Design of a Superheterodyne Receiver Using M-Phase Filters : 39. Introduction ; 40. Proposed superheterodyne receiver architecture ; 41. Design and implementation of the receiver chain; 42. Measurement results ; 43. Summary and conclusions ; Part VII. Impact of Imperfections on the Performance of M-Phase Filters : 44. Introduction; 45. Mathematical background; 46. LO phase noise ; 47. Second-order nonlinearity in the switches of the bandpass filter ; 48. Quadrature error in the original 50 % duty-cycle clock phases ; 49. Harmonic downconversion ; 50. Thermal noise of switches ; 51. Parasitic capacitors of switches ; 52. Switch charge injection ; 53. Mismatches ; 54. Summary and conclusions; Part VIII. M-Phase Filtering and Duality : 55. Introduction ; 56. Dual of an electrical circuit, dual of a switch ; 57. Dual of M-phase filter, differential implementation of M-phase filter and its dual ; 58. Dual of M-phase high-Q filter with complex baseband impedances ; 59. Summary and conclusions.</subfield>
  </datafield>
  <datafield tag="520" ind1=" " ind2=" ">
    <subfield code="a">"Examining the most important developments in highly integrated wireless RF front-ends, this book describes and evaluates both active and passive solutions for on-chip high-Q filtering, and explores M-phase filters in depth. An accessible step-by-step approach is used to introduce everything an RF designer needs to know about these filters, including their various forms, principles of operation, and their performance against implementation-related imperfections. Real-world examples are described in depth, and detailed mathematical analyses demonstrate the practical quantification of pertinent circuit parameters"</subfield>
  </datafield>
  <datafield tag="650" ind1=" " ind2="0">
    <subfield code="a">Electric filters, Bandpass</subfield>
    <subfield code="9">37095</subfield>
  </datafield>
  <datafield tag="650" ind1=" " ind2="0">
    <subfield code="a">Radio frequency integrated circuits</subfield>
    <subfield code="x">Design and construction</subfield>
    <subfield code="9">37096</subfield>
  </datafield>
  <datafield tag="653" ind1=" " ind2=" ">
    <subfield code="b">ENGELC</subfield>
    <subfield code="c">January2015</subfield>
  </datafield>
  <datafield tag="655" ind1=" " ind2=" ">
    <subfield code="v">reading book</subfield>
    <subfield code="9">34232</subfield>
  </datafield>
  <datafield tag="700" ind1="1" ind2=" ">
    <subfield code="a">Mirzaei, Ahmad</subfield>
    <subfield code="9">37097</subfield>
  </datafield>
  <datafield tag="942" ind1=" " ind2=" ">
    <subfield code="2">ddc</subfield>
    <subfield code="k">621.384133 DAR</subfield>
  </datafield>
  <datafield tag="999" ind1=" " ind2=" ">
    <subfield code="c">18849</subfield>
    <subfield code="d">18821</subfield>
  </datafield>
  <datafield tag="952" ind1=" " ind2=" ">
    <subfield code="0">0</subfield>
    <subfield code="1">0</subfield>
    <subfield code="2">ddc</subfield>
    <subfield code="4">0</subfield>
    <subfield code="7">0</subfield>
    <subfield code="8">Baccah</subfield>
    <subfield code="a">MAIN</subfield>
    <subfield code="b">MAIN</subfield>
    <subfield code="c">1ST</subfield>
    <subfield code="d">2015-01-12</subfield>
    <subfield code="e">purchase</subfield>
    <subfield code="g">675.00</subfield>
    <subfield code="h">21291</subfield>
    <subfield code="l">0</subfield>
    <subfield code="o">621.384133 DAR</subfield>
    <subfield code="p">000037267</subfield>
    <subfield code="r">2025-07-15 00:00:00</subfield>
    <subfield code="v">844.00</subfield>
    <subfield code="y">BB</subfield>
  </datafield>
</record>
